书目信息 |
| 题名: |
法语TCF试题精解
|
|
| 作者: | 刘成富 主编 | |
| 分册: | ||
| 出版信息: | 南京 南京大学出版社 2009.04 |
|
| 页数: | 195页 | |
| 开本: | 28cm | |
| 丛书名: | ||
| 单 册: | ||
| 中图分类: | H329.6 | |
| 科图分类: | ||
| 主题词: | 法语--fa yu--高等学校--水平考试--解题 | |
| 电子资源: | ||
| ISBN: | 978-7-305-05839-4 | |
| 000 | 00892nam0 2200253 450 | |
| 001 | 012010969970 | |
| 005 | 20100106141236.00 | |
| 010 | @a978-7-305-05839-4@dCNY40.00 (含光盘) | |
| 010 | @a978-7-88863-229-5@b光盘 | |
| 100 | @a20100106d2009 em y0chiy0120 ea | |
| 101 | 0 | @achi@afre |
| 102 | @aCN@b320000 | |
| 105 | @aa z 000yy | |
| 106 | @ar | |
| 200 | 1 | @a法语TCF试题精解@Afa yu TCF shi ti jing jie@d= Examens blancs du TCF@f刘成富主编@Fliu cheng fu zhu bian@zfre |
| 210 | @a南京@c南京大学出版社@d2009.04 | |
| 215 | @a195页@c图@d28cm@e光盘1片 | |
| 330 | @a本书主要由三套TCF仿真试题构成。听力和阅读理解的语料主要选自法国的报纸杂志、新闻广播和因特网。 | |
| 510 | 1 | @aExamens blancs du TCF@zfre |
| 606 | 0 | @a法语@Afa yu@x高等学校@x水平考试@j解题 |
| 690 | @aH329.6@v4 | |
| 701 | 0 | @a刘成富@Aliu cheng fu@4主编 |
| 801 | 0 | @aCN@bQSSK@c20100106 |
| 905 | @b771440-44@dH329.6@eL591@f5 | |
| 法语TCF试题精解= Examens blancs du TCF/刘成富主编.-南京:南京大学出版社,2009.04 |
| 195页:图;28cm+光盘1片 |
| ISBN 978-7-305-05839-4:CNY40.00 (含光盘) |
| 本书主要由三套TCF仿真试题构成。听力和阅读理解的语料主要选自法国的报纸杂志、新闻广播和因特网。 |
| ● |
| 相关链接 |
|
|
|
正题名:法语TCF试题精解
索取号:H329.6/L591
 
预约/预借
| 序号 | 登录号 | 条形码 | 馆藏地/架位号 | 状态 | 备注 |
| 1 | 771440 | 207714400 | 语言库209/209语言库 117排1列3层/ [索取号:H329.6/L591] | 在馆 | |
| 2 | 771441 | 207714419 | 语言库209/209语言库 117排1列3层/ [索取号:H329.6/L591] | 在馆 | |
| 3 | 771442 | 207714428 | 语言库209/209语言库 117排1列3层/ [索取号:H329.6/L591] | 在馆 | |
| 4 | 771443 | 207714437 | 语言库209/209语言库 117排1列3层/ [索取号:H329.6/L591] | 在馆 | |
| 5 | 771444 | 207714446 | 语言库209/209语言库 117排1列3层/ [索取号:H329.6/L591] | 在馆 |